| 000 | 00738nam a22002057a 4500 | ||
|---|---|---|---|
| 999 |
_c16985 _d16985 |
||
| 003 | AR-CdUCM | ||
| 008 | 190507b ||||| |||| 00| 0 spa d | ||
| 040 |
_aMUNICIPALIDAD PROVINCIAL DEL CUSCO _cBIBLIOTECA MUNICIPAL DEL CUSCO |
||
| 082 |
_a348.1 / _b B38 |
||
| 100 |
_aBenavides Correa, Alfonso _91699 |
||
| 245 |
_aEl petróleo peruano : _b...ó La autopsia de un clan / |
||
| 260 |
_aLima : _bPapel Gráfica Editora, _c1961 |
||
| 300 |
_a187 paginas ; _bIlustraciones, _c17 cm. |
||
| 505 | _aContenido : Petróleo -- Aspectos económicos -- Perú -- Derecho minero (Petróleo).... | ||
| 650 |
_aPerú _935 |
||
| 650 |
_aPetroleo peruano _936777 |
||
| 650 |
_aOro negro _936778 |
||
| 942 |
_2ddc _cLIBROS |
||
| 945 |
_awnts _d2019-05-7 |
||